<?xml version="1.0" encoding="UTF-8"?>
<record
    xmlns:xsi="http://www.w3.org/2001/XMLSchema-instance"
    xsi:schemaLocation="http://www.loc.gov/MARC21/slim http://www.loc.gov/standards/marcxml/schema/MARC21slim.xsd"
    xmlns="http://www.loc.gov/MARC21/slim">

  <leader>00515nam a22001457a 4500</leader>
  <datafield tag="999" ind1=" " ind2=" ">
    <subfield code="c">121923</subfield>
    <subfield code="d">121923</subfield>
  </datafield>
  <controlfield tag="005">20210413111902.0</controlfield>
  <controlfield tag="008">210413b           ||||| |||| 00| 0 eng d</controlfield>
  <datafield tag="040" ind1=" " ind2=" ">
    <subfield code="c">PK-LaUMT</subfield>
  </datafield>
  <datafield tag="082" ind1=" " ind2=" ">
    <subfield code="a">RHC 331.8</subfield>
    <subfield code="b">FEA-T</subfield>
  </datafield>
  <datafield tag="100" ind1=" " ind2=" ">
    <subfield code="a">Feader, Victor = &#x641;&#x6CC;&#x62F;&#x631;&#x60C; &#x648;&#x6A9;&#x679;&#x631;</subfield>
  </datafield>
  <datafield tag="245" ind1=" " ind2=" ">
    <subfield code="a">Trade union ke bunyadi usool =  &#x679;&#x631;&#x6CC;&#x688; &#x6CC;&#x648;&#x646;&#x6CC;&#x646; &#x6A9;&#x6D2; &#x628;&#x646;&#x6CC;&#x627;&#x62F;&#x6CC; &#x627;&#x635;&#x648;&#x644; /</subfield>
    <subfield code="c">by Victor Feader = &#x648;&#x6A9;&#x679;&#x631; &#x641;&#x6CC;&#x62F;&#x631; ; translated by Muhammad Suleman Sabir</subfield>
  </datafield>
  <datafield tag="260" ind1=" " ind2=" ">
    <subfield code="a">Dehli :</subfield>
    <subfield code="b">National Academy,</subfield>
    <subfield code="c">1966</subfield>
  </datafield>
  <datafield tag="300" ind1=" " ind2=" ">
    <subfield code="a">147 p.</subfield>
  </datafield>
  <datafield tag="942" ind1=" " ind2=" ">
    <subfield code="c">BK</subfield>
  </datafield>
  <datafield tag="952" ind1=" " ind2=" ">
    <subfield code="0">0</subfield>
    <subfield code="1">0</subfield>
    <subfield code="4">0</subfield>
    <subfield code="7">0</subfield>
    <subfield code="a">01</subfield>
    <subfield code="b">01</subfield>
    <subfield code="d">2021-04-13</subfield>
    <subfield code="l">0</subfield>
    <subfield code="o">RHC 331.8 FEA-T</subfield>
    <subfield code="p">137229</subfield>
    <subfield code="r">2021-04-13 00:00:00</subfield>
    <subfield code="w">2021-04-13</subfield>
    <subfield code="y">BK</subfield>
  </datafield>
</record>
